书目信息 |
| 题名: |
生物多样性经济价值评估:长白山自然保护区案例研究
|
|
| 作者: | 薛达元 著 | |
| 分册: | ||
| 出版信息: | 北京 中国环境科学出版社 1997.11 |
|
| 页数: | 168页 | |
| 开本: | 16开 | |
| 丛书名: | ||
| 单 册: | ||
| 中图分类: | X176 | |
| 科图分类: | ||
| 主题词: | 环境生物学 | |
| 电子资源: | ||
| ISBN: | 7-80135-403-6 | |
| 000 | 00643nam0 2200193 45 | |
| 001 | 0007150629 | |
| 005 | 20000715064015.9 | |
| 010 | @a7-80135-403-6@d19.50元 | |
| 100 | @a20000715d1997 km y0chiy0120 ea | |
| 101 | 0 | @achi |
| 105 | @a z 000yy | |
| 200 | 1 | @a生物多样性经济价值评估:长白山自然保护区案例研究@ASheng Wu Duo Yang Xing Jing Ji Jia Zhi Ping Gu:Chang Bai Shan Zi Ran Bao Hu Qu An Li Yan Jiu@f薛达元著@FXue Da Yuan Zhu |
| 210 | @a北京@c中国环境科学出版社@d1997.11 | |
| 215 | @a168页@d16开 | |
| 606 | 0 | @a环境生物学 |
| 690 | @aX176@v3 | |
| 701 | 0 | @a薛达元@4著 |
| 801 | @aCN@bPftUser@c20000715 | |
| 905 | @b68015-034@dX176@eX910@f20 | |
| 生物多样性经济价值评估:长白山自然保护区案例研究/薛达元著.-北京:中国环境科学出版社,1997.11 |
| 168页;16开 |
| ISBN 7-80135-403-6:19.50元 |
| ● |
| 相关链接 |
|
|
|
正题名:生物多样性经济价值评估:长白山自然保护区
索取号:X176/X910
 
预约/预借
| 序号 | 登录号 | 条形码 | 馆藏地/架位号 | 状态 | 备注 |
| 1 | 68015 | 200680156 | 市政与环境工程学院资料室/ [索取号:X176/X910] | 在馆 | |
| 2 | 68016 | 200680165 | 期刊室512/501自科库 63排6列2层/ [索取号:X176/X910] | 在馆 | |
| 3 | 68017 | 200680174 | 自科库501/501自科库 63排6列2层/ [索取号:X176/X910] | 在馆 | |
| 4 | 68018 | 200680183 | 期刊室512/501自科库 63排6列2层/ [索取号:X176/X910] | 在馆 | |
| 5 | 68019 | 200680192 | 期刊室512/501自科库 63排6列2层/ [索取号:X176/X910] | 在馆 | |
| 6 | 68020 | 200680209 | 期刊室512/501自科库 63排6列2层/ [索取号:X176/X910] | 在馆 | |
| 7 | 68021 | 200680218 | 期刊室512/501自科库 63排6列2层/ [索取号:X176/X910] | 在馆 | |
| 8 | 68022 | 200680227 | 自科库501/501自科库 63排6列2层/ [索取号:X176/X910] | 在馆 | |
| 9 | 68023 | 200680236 | 市政与环境工程学院资料室/ [索取号:X176/X910] | 在馆 | |
| 10 | 68024 | 200680245 | 期刊室512/501自科库 63排6列2层/ [索取号:X176/X910] | 在馆 | |
| 11 | 68025 | 200680254 | 期刊室512/501自科库 63排6列2层/ [索取号:X176/X910] | 在馆 | |
| 12 | 68026 | 200680263 | 期刊室512/501自科库 63排6列2层/ [索取号:X176/X910] | 在馆 | |
| 13 | 68027 | 200680272 | 期刊室512/501自科库 63排6列2层/ [索取号:X176/X910] | 在馆 | |
| 14 | 68028 | 200680281 | 期刊室512/501自科库 63排6列2层/ [索取号:X176/X910] | 在馆 | |
| 15 | 68029 | 200680290 | 期刊室512/501自科库 63排6列2层/ [索取号:X176/X910] | 在馆 | |
| 16 | 68030 | 200680307 | 期刊室512/501自科库 63排6列2层/ [索取号:X176/X910] | 在馆 | |
| 17 | 68031 | 200680316 | 市政与环境工程学院资料室/ [索取号:X176/X910] | 在馆 | |
| 18 | 68032 | 200680325 | 期刊室512/501自科库 63排6列2层/ [索取号:X176/X910] | 在馆 | |
| 19 | 68033 | 200680334 | 期刊室512/501自科库 63排6列2层/ [索取号:X176/X910] | 在馆 | |
| 20 | 68034 | 200680343 | 自科库501/501自科库 63排6列2层/ [索取号:X176/X910] | 在馆 |